| 000 | 00801nam a22002777a 4500 | ||
|---|---|---|---|
| 003 | CHAP | ||
| 005 | 20220329134254.0 | ||
| 008 | 971013c19551942 r 00010 d | ||
| 010 | _a17927 | ||
| 011 | _a18899 | ||
| 035 | _a22984 | ||
| 040 | _cCHAP | ||
| 082 |
_a575 _bH89 |
||
| 100 | 0 | 0 |
_aHuxley, Julian Sorell. _957054 |
| 245 | _aEvolution; the modern synthesis | ||
| 260 |
_aLondon : _bGeorge Allen, _c1955 (c.1942) |
||
| 300 | _a654 p. | ||
| 590 |
_aBATCH-UPD _b10 _c20130110 _lUCH01 _h1831 |
||
| 590 |
_aBATCH-UPD _b10 _c20130410 _lUCH01 _h1203 |
||
| 590 |
_aBATCH-UPD _b10 _c20130914 _lUCH01 _h1335 |
||
| 590 |
_aCONVERSION _b10 _c20130109 _lUCH01 _h1311 |
||
| 650 | 1 | 4 |
_aEvolución. _939007 |
| 901 | _aBK | ||
| 942 | _cLIBRO | ||
| 949 |
_a575 H89 _bBC _cLIBRO _d33724000478285 _eLIBRO _h8429 _i22984 _si |
||
| 999 |
_c17927 _d17927 |
||